| 000 | 01809nam a2200529 i 4500 | ||
|---|---|---|---|
| 001 | 22655 | ||
| 003 | KOSZ 005 | ||
| 005 | 20200303144028.0 | ||
| 008 | 990506s1984 pl a f |000 0 pol | ||
| 015 | _aPB 1984/2069 | ||
| 020 | _a8301048751 | ||
| 035 | _a991009765169705066 | ||
| 035 | _a(PL-WaBN)b12637804-48omnis_nlop | ||
| 035 | _ab12637804 | ||
| 035 | _a(OCoLC)749416362 | ||
| 035 | _a(PL)b0000001263780 | ||
| 035 | _a(EXLNZ-48OMNIS_NETWORK)9910412365405606 | ||
| 040 |
_aWA N _cWA N _dKOSZ 005/EG |
||
| 041 | 0 | _apol | |
| 080 | _a612.6 | ||
| 080 | _a613.88/.89 | ||
| 080 | _a316.6 | ||
| 080 | _a159.9 | ||
| 245 | 1 | 0 |
_aSeksuologia społeczna : _bzagadnienia psychospołeczne / _cpod red. Kazimierza Imielińskiego ; [zesp. aut. Lechosław Gapik et al.]. |
| 250 | _aWyd. 3. | ||
| 260 |
_aWarszawa : _bPańst. Wydaw. Naukowe, _c1984. |
||
| 300 |
_a579, [1] s. : _bil., rys., wykr. ; _c24 cm. |
||
| 336 |
_2rdacontent _aTekst _btxt |
||
| 337 |
_2rdamedia _aBez urządzenia pośredniczącego _bn |
||
| 338 |
_2rdacarrier _aWolumin _bnc |
||
| 380 | _aKsiążki | ||
| 388 | _a1901-2000 | ||
| 388 | _a1945-1989 | ||
| 500 | _aStanowi cz. trylogii. Pozostałe części pt.: Seksuologia biologiczna, Seksuologia kulturowa. | ||
| 504 | _aBibliogr. przy rozdz. | ||
| 650 | 7 |
_aSeksuologia _2DBN |
|
| 650 | 2 | _aEdukacja seksualna | |
| 658 | _aMedycyna i zdrowie | ||
| 658 | _aEdukacja i pedagogika | ||
| 658 | _aPsychologia | ||
| 700 | 1 |
_aGapik, Lechosław _d(1942- ) _eAutor |
|
| 700 | 1 |
_aImieliński, Kazimierz _d(1929-2010) _eRedakcja |
|
| 710 | 2 | _aPaństwowe Wydawnictwo Naukowe | |
| 856 |
_uhttp://koha.tu.koszalin.pl/cgi-bin/koha/opac-detail.pl?biblionumber=22655 _yKatalog online BPK |
||
| 942 |
_2UKD _cKS |
||
| 999 |
_c22655 _d22655 |
||